| 000 | 00430nam a22001457a 4500 | ||
|---|---|---|---|
| 020 | _qPB. | ||
| 040 | _cFIZZA ISHAQ | ||
| 082 |
_a333.951 _bWEI |
||
| 100 |
_a Weiner , Jonathan. _9134080 |
||
| 245 |
_aThe Next One Hundred Years: Shaping the Fate of Our Living Earth / _cJonathan Weiner. |
||
| 250 | _a First Edition. | ||
| 260 |
_aNew York: _bBantam, _c1990. |
||
| 300 |
_a312 P. ; _c6.5 x 1.15 x 9.5 inches |
||
| 942 |
_2ddc _cBK |
||
| 999 |
_c617010 _d617010 |
||